000 01264cam a22003374a 4500
001 14666639
003 OSt
005 20200602143952.0
008 061212s2006 ii ab b 001 0 eng
010 _a 2006287295
020 _a9780195684308 (pbk.)
020 _a0195684303 (pbk.)
040 _aDLC
_coclc
_dDLC
043 _aa-ii---
050 0 0 _aHC435
_b.R67 2006
082 _a330.954035
_bROY/E
100 _aRoy, Tirthankar
_9998
245 1 4 _aThe Economic History of India, 1857-1947 /
_cTirthankar Roy
250 _a2nd ed.
260 _aNew Delhi :
_bOxford University Press,
_c2006.
300 _a 385 p. :
_bill., maps ;
_c22 cm.
500 _a"Oxford textbooks"--Cover.
500 _aOriginally published: New Delhi : Oxford University Press, 2000.
504 _aIncludes bibliographical references and index.
651 0 _aIndia
_xEconomic conditions
_y19th century
_vTextbooks.
651 0 _aIndia
_xEconomic conditions
_y20th century
_vTextbooks.
856 4 2 _3Publisher description
_uhttp://www.loc.gov/catdir/enhancements/fy0722/2006287295-d.html
906 _a7
_bcbc
_corignew
_d2
_encip
_f20
_gy-gencatlg
942 _2ddc
_cBK
_h330.954035
_iROY/E
_k330.954035
_mROY/E
999 _c21191
_d21191